| 000 | 01380nam a22003737a 4500 | ||
|---|---|---|---|
| 003 | CHAP | ||
| 005 | 20220329135123.0 | ||
| 008 | 971013s1981 r 00010 d | ||
| 010 | _a31256 | ||
| 011 | _a32228 | ||
| 035 | _a36341 | ||
| 040 | _cCHAP | ||
| 082 |
_a517 _bM3Y |
||
| 100 | 0 | 0 |
_aMarsden, Jerrold E. _971585 |
| 245 | _aCálculo vectorial | ||
| 260 |
_aMéxico, D.F. : _bFondo Educativo Interamericano, _c1981 |
||
| 300 |
_a454 p. _b: ilus. ; gráfs |
||
| 500 | _ac.4 editada por: Addison-Wesley Iberoamericana, 1987 | ||
| 590 |
_aBATCH-UPD _b10 _c20130109 _lUCH01 _h2324 |
||
| 590 |
_aBATCH-UPD _b10 _c20130110 _lUCH01 _h0137 |
||
| 590 |
_aBATCH-UPD _b10 _c20130110 _lUCH01 _h1538 |
||
| 590 |
_aBATCH-UPD _b10 _c20130410 _lUCH01 _h0942 |
||
| 590 |
_aBATCH-UPD _b10 _c20130914 _lUCH01 _h0951 |
||
| 590 |
_aCONVERSION _b10 _c20130109 _lUCH01 _h1318 |
||
| 650 | 1 | 4 |
_aAnalisis vectorial. _95995 |
| 650 | 1 | 4 |
_aCálculo. _923990 |
| 700 | 0 |
_aTromba, Anthony J. _9115268 |
|
| 901 | _aBK | ||
| 942 | _cLIBRO | ||
| 949 |
_a517 M3Y _bBC _cLIBRO _d33724000386124 _eLIBRO _fc.2 _gI.127067 _h66460 _i36341 _so _t2.30 |
||
| 949 |
_a517 M3Y _bBC _cLIBRO _d33724000386132 _eLIBRO _fc.4 _gI.c/e _h78362 _i36341 _so _t25.00 |
||
| 949 |
_a517 M3Y _bBC _cLIBRO _d33724000386140 _eLIBRO _gI.127066 _h66459 _i36341 _si _t2.30 |
||
| 949 |
_a517 M3Y _bBC _cLIBRO _d33724000881595 _eLIBRO _fc.3 _gI.127068 _h66461 _i36341 _si _t2.30 |
||
| 999 |
_c31256 _d31256 |
||